000 00479ntaaa2200181 4500
003 01
005 20251027202156.0
008 0714s1973 ag 01
040 _aAR-BaBN
_bspa
_cAR-BaBN
_eaacr
_dRIC
082 _a267.0000 F98
100 _aFusselle, Ruth Boone
_920324
245 _aThe junior baptist
250 _a1 ed.
260 _aNashville :
_bSunday School Board of the Southern Baptist Convention,
_cc1948
300 _a115 p
650 _aprimarios
_99174
942 _cBK
999 _c16728
_d16728